MICROBIOLOGY AN INTRODUCTION (Record no. 284)

MARC details
000 -LEADER
fixed length control field 00271nam a2200121Ia 4500
082 ## - DEWEY DECIMAL CLASSIFICATION NUMBER
Classification number 616.01
Item number M05I
100 ## - MAIN ENTRY--PERSONAL NAME
Personal name INGRAHAM, JOHN L.
245 ## - TITLE STATEMENT
Title MICROBIOLOGY AN INTRODUCTION
260 ## - PUBLICATION, DISTRIBUTION, ETC. (IMPRINT)
Name of publisher, distributor, etc CENGAGE
Place of publication, distribution, etc DELHI
Year of Publication 2005
300 ## - PAGE DESCRIPTION
No. of Pages 1-760
650 ## - SUBJECT ADDED ENTRY--TOPICAL TERM
Topical term or geographic name as entry element MICROBIOLOGY
942 ## - ADDED ENTRY ELEMENTS (KOHA)
Source of classification or shelving scheme Dewey Decimal Classification
Koha item type Books
Holdings
Withdrawn status Lost status Source of classification or shelving scheme Damaged status Not for loan Collection code Home library Current library Shelving location Date acquired Vendor Name Cost, normal purchase price SGTU Bill Number Total Checkouts Full call number Accession No. (Barcode) Date last seen Bill Date Koha item type
    Dewey Decimal Classification     MEDICAL SGT Medical Library SGT Medical Library Text Book 12/02/2010 U.B.S. DELHI 999.00 SGTU 950   616.01 M05I FM1399 09/02/2015 15/03/2011 Books
    Dewey Decimal Classification     MEDICAL SGT Medical Library SGT Medical Library Text Book 12/02/2010 U.B.S. DELHI 999.00 SGTU 950   616.01 M05I FM1400 09/02/2015 15/03/2011 Books